00875nam a2200217 a 4500001001000000003000500010005001700015008004100032010001100073011001100084040000900095100003400104245015400138260004200292500006000334502011200394650002600506650002900532650002600561856007000587000109022CHAP20220329144034.0140328s2013 mx a sm |||||||spa d a105484 a106456 cCHAP1 aHernández Pérez, Adrián10aClasificación y cartografía de suelo con el apoyo del conocimiento local en Candelaria, Campecheh[En línea]cpor Adrián Hernández Pérez. aChapingo, Méx. :bEl autor.,c2013. aPara ver el contenido del material haga clic en la liga aTesis (Ing. Agr. Esp. en Suelos) -- UACH. Departamento de Enseñanza, Investigación y Servicio en Suelos14aCultivosxVariedades.14aSuelosxClasificación.14aSuelosxEvaluación. aFinding aiduhttp://10.13.5.2/tesis/sist109022.pdfzTeclea aquí